Predĺžte si sezónu malín

Bibliographic Details
Main Author: Ačová, Danka (Author)
Format: Article
Language:Slovak
PhysicalDescription:Fotogr.
ISSN:0862-5565
Subjects:

MARC

LEADER 00000nab a2200000 ar4500
001 vtls010124856
003 SK-MaSNL
005 20260303093703.0
008 100819c2010 xo ||||||||||||00 b|slo
015 |a SNBRB2010/08  |2 snkbucl 
038 |a SNKBUCL 
040 |a SNKBUCL  |b slo  |c SNKBUCL  |e AACR2 
041 0 |a slo 
044 |a xo  |c SK 
080 |a 634.711:631.526.3  |2 1997 
080 |a 631.526.3  |2 1997 
100 1 |a Ačová, Danka  |4 aut  |9 1031784 
245 1 0 |a Predĺžte si sezónu malín  |c Danka Ačová 
300 |b Fotogr. 
650 0 7 |a maliny  |2 snkbucl  |9 14548 
650 0 7 |a odrody poľnohospodárskych plodín  |2 snkbucl  |9 29318 
773 0 |t Záhradkár  |g Roč. XLVI, č. 7 (2010), s. 64-65  |x 0862-5565 
852 |a SNK  |b KIS3GCP 
999 |c 1816721  |d 1818651